| 000 | 00353nam a2200133Ia 4500 | ||
|---|---|---|---|
| 008 | 240624s9999 xx 000 0 und d | ||
| 041 | _aeng | ||
| 082 | _a658.404 KOS | ||
| 100 | _aKOSTER KATHRIN | ||
| 245 | _aINTERNATIONAL PROJECT MANAGEMENT | ||
| 260 |
_c2010 _aNew Delhi _bSage Publications |
||
| 300 | _axxv, : 365 : p. : cm. ; 23 | ||
| 365 |
_cRS _b30 |
||
| 999 |
_c14759 _d14759 |
||